El teatro de los cerebros; (Record no. 17144)

MARC details
000 -LEADER
campo de control de longitud fija 01004nam a2200277 i 4500
001 - NÚMERO DE CONTROL
campo de control 17144
003 - IDENTIFICADOR DE NÚMERO DE CONTROL
campo de control ES-MaACL
005 - FECHA Y HORA DE LA ÚLTIMA TRANSACCIÓN
campo de control 20250721193127.0
007 - CAMPO FIJO DE DESCRIPCIÓN FÍSICA--INFORMACIÓN GENERAL
campo de control de longitud fija t|
008 - DATOS DE LONGITUD FIJA--INFORMACIÓN GENERAL
campo de control de longitud fija 001227s2000 sp ||||1| spa d
020 ## - NÚMERO INTERNACIONAL ESTÁNDAR DEL LIBRO
Número Internacional Estándar del Libro 84-95287-09-9
080 ## - NÚMERO DE LA CLASIFICACIÓN DECIMAL UNIVERSAL
Número de la Clasificación Decimal Universal 616.89"15"
080 ## - NÚMERO DE LA CLASIFICACIÓN DECIMAL UNIVERSAL
Número de la Clasificación Decimal Universal 159.922"15"
100 1# - ENTRADA PRINCIPAL--NOMBRE DE PERSONA
Nombre de persona Garzoni, Tommaso (
Fechas asociadas al nombre 1549-1589)
9 (RLIN) 171311
245 13 - MENCIÓN DEL TÍTULO
Título El teatro de los cerebros;
Resto del título El hospital de los locos incurables /
Mención de responsabilidad, etc. Tomaso Garzoni.
260 ## - PUBLICACIÓN, DISTRIBUCIÓN, ETC.
Lugar de publicación, distribución, etc. Madrid :
Nombre del editor, distribuidor, etc. Asociación Española de Neuropsiquiatría,
Fecha de publicación, distribución, etc. 2000.
300 ## - DESCRIPCIÓN FÍSICA
Extensión 334 p. ;
Dimensiones 21 cm.
490 1# - MENCIÓN DE SERIE
Mención de serie Historia / Asociación Española de Neuropsiquiatría ;
Designación de volumen o secuencia 9
650 14 - PUNTO DE ACCESO ADICIONAL DE MATERIA--TÉRMINO DE MATERIA
Término de materia o nombre geográfico como elemento de entrada Carácter-
Subdivisión de forma Obras anteriores a 1800.
9 (RLIN) 142571
650 #7 - PUNTO DE ACCESO ADICIONAL DE MATERIA--TÉRMINO DE MATERIA
Término de materia o nombre geográfico como elemento de entrada Enfermedades mentales
Fuente del encabezamiento o término embne
9 (RLIN) 12263
710 2# - ENTRADA AGREGADA--NOMBRE DE ENTIDAD CORPORATIVA
Nombre de entidad corporativa o nombre de jurisdicción como elemento de entrada Asociación Española de Neuropsiquiatría.
9 (RLIN) 1677
740 32 - ENTRADA AGREGADA--TÍTULO RELACIONADO/ANALÍTICO NO CONTROLADO
Título relacionado o analítico no controlado El hospital de los locos incurables.
830 1# - PUNTO DE ACCESO ADICIONAL DE SERIE-TÍTULO UNIFORME
Título uniforme Historia / Asociación Española de Neuropsiquiatría ;
Designación de volumen o secuencia 9
9 (RLIN) 228692
852 ## - LOCALIZACIÓN
Ubicación ES-MaACL
Número de control de estantería L-23999
Holdings
Estatus retirado Estado de pérdida Estado de daño No para préstamo Biblioteca de origen Biblioteca actual Ubicación en estantería Fecha de adquisición Fuente de adquisición Total de préstamos Signatura topográfica completa Código de barras Visto por última vez Precio de reemplazo Tipo de ítem Koha
        Biblioteca del Ateneo de Madrid Biblioteca del Ateneo de Madrid Depósito 2 17/01/2008     L-23999 1017490 23/02/2023 23/02/2023 Libro impreso